| LEADER 00000nam 2200000uu 4500 |
| 001 210917 |
| 003 ULIBM |
| 008 020711s2559 th a 000 0 tha d |
| 041 ^atha^beng
|
| 060 4 QV21 น927 2559
|
| 245 แนวทางปฏิบัติเรื่องเกณฑ์จริยธรรม พ.ศ.2559 ของสมาคมผู้วิจัยและผลิตเภสัชภัณฑ์=^bGuideline for PReMA code of practice 2016 edition : Pharmaceutical research & manufacturers association/^cสมาคมผู้วิจัยและผลิตเภสัชภัณฑ์ (PReMa).
|
| 246 00 ^aGuideline for PReMA code of practice 2016
|
| 260 กรุงเทพฯ :^bสมาคมผู้วิจัยและผลิตเภสัชภัณฑ์,^c2559
|
| 300 35 หน้า ;^c20 ซม.
|
| 500 ^aใช้สำหรับช่องทางสถานพยาบาล
|
| 650 4 ^aจรรยาบรรณเภสัชกร
|
| 650 4 ^aเภสัชกรรม^xเกณฑ์จริยธรรม
|
| 650 4 ^aเภสัชกรรม,การบริหาร
|
| 650 4 ^aเภสัชกรรม^xกฎหมายและระเบียบข้อบังคับ
|
| 710 2 ^aสมาคมผู้วิจัยและผลิตเภสัชภัณฑ์
|
| 999 ^aใช้งานได้ทุกระบบ
|